000 01043nam a2200277 i 4500
001 106517
003 ES-MaACL
005 20250811101651.0
007 t|
008 061128s1980 sp ||||1| spa d
080 _a75 Peyrot, Arturo (083.82)
100 1 _aPeyrot, Arturo.
_991605
245 1 0 _aVisión de Madrid
_b: [exposición, Sala del Prado del Ateneo de Madrid, mayo de 1980] /
_cArturo Peyrot ; [texto: A. M. Campoy].
260 _aMadrid :
_bAteneo de Madrid,
_c1980.
300 _a[4] p. :
_bil. ;
_c26 cm.
490 1 _aAteneo de Madrid. Sala del Prado
600 1 4 _aPeyrot, Arturo-
_vExposiciones.
_991606
610 2 4 _aAteneo de Madrid-
_vExposiciones-
_y1980-1990
_91922
655 7 _2tgfbne
_9193628
_aCatálogos de exposiciones
700 1 _aCampoy, A. M.,
_d1924-1993
_934292
710 2 _aAteneo de Madrid.
_bSala del Prado.
_91965
830 0 0 _aAteneo de Madrid.
_pSala del Prado
_9185209
852 _aES-MaACL
_j2209-F-22
_9110560
_bR.138269
_cDEPOF
942 _2udc
_cFOLLETOS
999 _c106517
_d106517